00229nam a2200097Ia 4500008004100000041000800041100001000049245003800059260001600097365001800113240703s9999 xx 000 0 und d aeng aSauro aCustomer Analytics For Dummies  bWiley India cRS.b 499.00